000 00963nam a2200217Ii 4500
003 JO-AjNU
008 230605s9999||||xx |||||||||||||| ||und||
017 _a2002/12/2821
040 _aJO-AjNU
_bara
_erda
_cJO-AjNU
041 _aara
050 1 4 _aBP136.72.A1 2003
100 3 _aمصطفى، اسامة نعيم، تدقيق لغوي: ياسر سلامة,
_eauthor
_99904
245 0 0 _aأشراط الساعة في ظهور المهدي المنتظر المسيخ الدجال عيسى عليه السلام يأجوج ومأجوج
250 _aط1
264 3 1 _aعمان: دار عالم الثقافة للنشر والتوزيع، 2003
300 _a80ص
336 _atext
_btxt
_2rdacontent
337 _aunmediated
_bn
_2rdamedia
338 _avolume
_bnc
_2rdacarrier
650 4 _aالمسيح الدجال- يوم القيامة- علامات الساعة- يأجوج ومأجوج- المهدي المنتظر- عيسى عليه السلام
_99905
999 _aA1536
_c5104
_d5104